Game of Thrones Characters by Picture #2 - Statistics

General Stats
  • This quiz has been taken 2 times
  • The average score is 13 of 32
Answer Stats
Picture Answer % Correct
Bronn
100%
Catelyn Stark
100%
Daenerys Targaryen
100%
Hodor
100%
Jaime Lannister
100%
Jorah Mormont
100%
Missandei
100%
Petyr Baelish
100%
Samwell Tarly
100%
Sansa Stark
100%
Davos Seaworth
50%
Ellaria Sand
50%
Loras Tyrell
50%
Meera Reed
50%
Robert Baratheon
50%
Yara Greyjoy
50%
Aidan Gillen
0%
Ellie Kendrick
0%
Emilia Clarke
0%
Finn Jones
0%
Gemma Whelan
0%
Iain Glen
0%
Indira Varma
0%
Jerome Flynn
0%
John Bradley-West
0%
Kristian Nairn
0%
Liam Cunningham
0%
Mark Addy
0%
Michelle Fairley
0%
Nathalie Emmanuel
0%
Nikolaj Coster-Waldau
0%
Sophie Turner
0%
No matching quizzes found
Score Distribution
Percent of People with Each Score
Percentile by Number Answered
Your Score History
You have not taken this quiz